Karafiáty a samet : umění a revoluce v Portugalsku a Československu = Cravos e veludo : arte e revolução em Portugal e na Checoslováquia = Carnations and velvet : art and revolution in Portugal and Czechoslovakia : (1968-1974-1989) /

Hlavní autor: Almeida, Anna Nemcova de
Korporativní autor: Kennis Translations (firma)
Další autoři: Baborovská, Sandra, Ferreira, Emília, Franco, Manuela, Tchen, Adelaide Ginga, 1971-, Havránek, Vít, 1971-, Juříková, Magdalena, 1956-, Szobi, Pavel, 1983-, Davis, David, Jindrová, Jaroslava, 1955-, Pasienka, Anton, 1962-, Schalková, Eva, 1947-, Šefranka Žáková, Vladimíra, 1961-, Galerie hlavního města Prahy. Městská knihovna, Museu Nacional de Arte Contemporânea (Portugalsko)
Jazyk: Portugalština
Čeština
Angličtina
Vydáno: Praha : Galerie hlavního města Prahy ;Museu Nacional de Arte Contemporânea, 2019
Témata:
Fyzický popis: 189 stran, 2 nečíslované strany obrazových příloh : ilustrace (některé barevné), portréty, faksimile ; 25 cm
Language note: Souběžný anglický a portugalský text
Knihy
Uloženo v:
LEADER 05834nam a2201201 i 4500
001 nkc20193124032
003 CZ PrNK
005 20191008135049.0
007 ta
008 190902s2019 xr acfhe c 000 0 cze
015 |a cnb003124032 
020 |a 978-80-7010-157-5  |q (Galerie hlavního města Prahy ;  |q vázáno) 
020 |a 978-972-776-558-4  |q (Museu Nacional de Arte Contemporânea ;  |q vázáno) 
035 |a (OCoLC)1122794600 
040 |a ABA001  |b cze  |e rda 
041 1 |a cze  |a eng  |a por  |h cze  |h por 
043 |a e-xr---  |a e-xo---  |a e-po---  |a e-cs--- 
044 |a xr  |a po 
045 |a x-y- 
072 7 |a 72/76  |x Výtvarné umění  |2 Konspekt  |9 21 
080 |a 72/76(437.3)  |2 MRF 
080 |a 72/76(437.6)  |2 MRF 
080 |a 72/76(469)  |2 MRF 
080 |a 7.036/.038  |2 MRF 
080 |a 94(469)"1974"  |2 MRF 
080 |a 94(437)"1989"  |2 MRF 
080 |a 7.04  |2 MRF 
080 |a 72/76:32  |2 MRF 
080 |a 94(437)  |2 MRF 
080 |a 94(469)  |2 MRF 
080 |a (437.3)  |2 MRF 
080 |a (437.6)  |2 MRF 
080 |a (469)  |2 MRF 
080 |a (083.824)  |2 MRF 
100 1 |a Almeida, Anna Nemcova de  |7 jo20181018831  |4 aut  |4 trl 
245 1 0 |a Karafiáty a samet :  |b umění a revoluce v Portugalsku a Československu = Cravos e veludo : arte e revolução em Portugal e na Checoslováquia = Carnations and velvet : art and revolution in Portugal and Czechoslovakia : (1968-1974-1989) /  |c autoři textů: Ana de Almeida, Sandra Baborovská, Emília Ferreira, Manuela Franco, Adelaide Ginga, Vít Havránek, Magdalena Juříková, Pavel Szobi ; překlad: Anna de Almeida, David Davis, Jaroslava Jindrová, Kennis Translations, Anton Pasienka, Eva Schalková, Vladimíra Šefranka Žáková 
246 3 0 |a Umění a revoluce v Portugalsku a Československu 
246 3 0 |a Arte e revolução em Portugal e na Checoslováquia 
246 3 0 |a Art and revolution in Portugal and Czechoslovakia 
246 3 1 |a Cravos e veludo 
246 3 1 |a Carnations and velvet 
264 1 |a Praha :  |b Galerie hlavního města Prahy ;  |a Lisboa :  |b Museu Nacional de Arte Contemporânea,  |c 2019 
300 |a 189 stran, 2 nečíslované strany obrazových příloh :  |b ilustrace (některé barevné), portréty, faksimile ;  |c 25 cm 
336 |a text  |b txt  |2 rdacontent 
337 |a bez média  |b n  |2 rdamedia 
338 |a svazek  |b nc  |2 rdacarrier 
500 |a "Publikace vychází u příležitosti stejnojmenné výstavy konané v Galerii hlavního města Prahy - Městská knihovna v termínu 30.4.-29.9.2019 a v Museu Nacional de Arte Contemporânea v Lisabonu v termínu 25.4.-30.8.2020"--Tiráž 
500 |a Jméno první autorky správně: Anna de Almeida 
500 |a Chronologický přehled 
500 |a 800 výtisků 
504 |a Obsahuje bibliografické odkazy 
546 |a Souběžný anglický a portugalský text 
648 7 |a 20.-21. století  |7 ch462155  |2 czenas 
648 7 |a 1969-1989  |7 ch460663  |2 czenas 
650 0 7 |a české výtvarné umění  |7 ph116865  |y 20.-21. století  |2 czenas 
650 0 7 |a slovenské výtvarné umění  |7 ph125680  |y 20.-21. století  |2 czenas 
650 0 7 |a portugalské výtvarné umění  |7 ph152848  |y 20.-21. století  |2 czenas 
650 0 7 |a moderní umění  |7 ph115340  |z Česko  |2 czenas 
650 0 7 |a moderní umění  |7 ph115340  |z Slovensko  |2 czenas 
650 0 7 |a moderní umění  |7 ph115340  |z Portugalsko  |2 czenas 
650 0 7 |a Karafiátová revoluce (1974 : Portugalsko)  |7 ph849405  |2 czenas 
650 0 7 |a Sametová revoluce (1989 : Československo)  |7 ph138757  |2 czenas 
650 0 7 |a umělecké náměty  |7 ph138227  |2 czenas 
650 0 7 |a umění a politika  |7 ph126925  |z Československo  |2 czenas 
650 0 7 |a umění a politika  |7 ph126925  |z Portugalsko  |2 czenas 
650 0 9 |a Czech art  |y 20th-21st centuries  |2 eczenas 
650 0 9 |a Slovak art  |y 20th-21st centuries  |2 eczenas 
650 0 9 |a Portuguese art  |y 20th-21st centuries  |2 eczenas 
650 0 9 |a modern art  |z Czechia  |2 eczenas 
650 0 9 |a modern art  |z Slovakia  |2 eczenas 
650 0 9 |a modern art  |z Portugal  |2 eczenas 
650 0 9 |a Carnation Revolution (1974 : Portugal)  |2 eczenas 
650 0 9 |a Velvet revolution (1989 : Czechoslovakia)  |2 eczenas 
650 0 9 |a artistic themes  |2 eczenas 
650 0 9 |a art and politics  |z Czechoslovakia  |2 eczenas 
650 0 9 |a art and politics  |z Portugal  |2 eczenas 
651 7 |a Československo  |7 ge131689  |x dějiny  |y 1968-1989  |2 czenas 
651 7 |a Portugalsko  |7 ge130488  |x dějiny  |y 1968-1989  |2 czenas 
651 9 |a Czechoslovakia  |x history  |y 1968-1989  |2 eczenas 
651 9 |a Portugal  |x history  |y 1968-1989  |2 eczenas 
655 7 |a katalogy výstav  |7 fd132536  |2 czenas 
655 9 |a exhibition catalogs  |2 eczenas 
700 1 |a Baborovská, Sandra  |7 hka2010611061  |4 aut  |4 edt 
700 1 |a Ferreira, Emília  |4 aut 
700 1 |a Franco, Manuela  |4 aut 
700 1 |a Tchen, Adelaide Ginga,  |d 1971-  |7 xx0239382  |4 aut  |4 edt 
700 1 |a Havránek, Vít,  |d 1971-  |7 mzk2006342954  |4 aut 
700 1 |a Juříková, Magdalena,  |d 1956-  |7 xx0035590  |4 aut 
700 1 |a Szobi, Pavel,  |d 1983-  |7 mzk2014833147  |4 aut 
700 1 |a Davis, David  |4 trl 
700 1 |a Jindrová, Jaroslava,  |d 1955-  |7 jo20000082910  |4 trl 
700 1 |a Pasienka, Anton,  |d 1962-  |7 jx20070125008  |4 trl 
700 1 |a Schalková, Eva,  |d 1947-  |7 xx0003416  |4 trl 
700 1 |a Šefranka Žáková, Vladimíra,  |d 1961-  |7 jx20050707064  |4 trl 
710 2 |a Kennis Translations (firma)  |7 ko20191048293  |4 trl 
710 2 |a Galerie hlavního města Prahy.  |b Městská knihovna  |7 ko20191048295  |4 orm  |4 isb 
710 2 |a Museu Nacional de Arte Contemporânea (Portugalsko)  |7 olak2004189190  |4 orm  |4 isb 
910 2 |a BOA001  |b 2-1432.644 
928 9 |a Národní muzeum současného umění v Lisabonu 
990 |a BK 
995 |a 01 
991 |b 201909  |c NOV 
996 6 |b 2610792308  |c 2-1432.644  |l MZK  |r Sklad / do 1 hodiny  |n 3  |p p.v.  |w 001750366  |u 000010  |a 1  |e BOA001  |j MZK50  |s P